[Event "Eastern Asia-ch U12"]
[Site "Tornelo INT"]
[Date "2021.10.29"]
[Round "1"]
[White "Akshat, Sureka"]
[Black "Phan, Tran Bao Khang"]
[Result "1-0"]
[WhiteElo "1068"]
[BlackElo "1529"]
[PlyCount "127"]
[EventDate "2021.10.29"]
[EventType "swiss"]
[EventRounds "9"]
[EventCountry "NET"]
[SourceTitle "EXT 2023"]
[Source "ChessBase"]
[SourceDate "2022.10.05"]
[SourceVersion "1"]
[SourceVersionDate "2022.10.05"]
[SourceQuality "1"]

1. e4 c5 2. Nc3 Nc6 3. f4 d6 4. Nf3 Nf6 5. Bc4 g6 6. 0-0 Bg7 7. d3 0-0 8. Qe1 Be6 9. f5 Bxc4 10. dxc4 Nd7 11. Qh4 Nde5 12. Bh6 Bxh6 13. Qxh6 f6 14. Nh4 g5 15. Ng6 Rf7 16. Nxe5 Nxe5 17. b3 a6 18. a4 Nc6 19. h4 Rg7 20. hxg5 Rxg5 21. Nd5 Qf8 22. Qh3 Rc8 23. Nf4 Nd8 24. Kf2 Qg7 25. Rh1 Qf7 26. Rh2 Rb8 27. Rah1 Rg7 28. a5 Rc8 29. Qd3 Rc6 30. Ng6 Ne6 31. Qd5 Ng5 32. Nxe7+ Kh8 33. Qxf7 Rxf7 34. Nxc6 bxc6 35. Ke3 Re7 36. Rh4 d5 37. cxd5 cxd5 38. Kd3 Nxe4 39. Re1 Nf2+ 40. Kd2 Ne4+ 41. Kc1 Re5 42. c4 Rxf5 43. cxd5 Nd6 44. Re7 Rxd5 45. Rexh7+ Kg8 46. Rd7 Rd3 47. Kc2 Rd5 48. g3 f5 49. Rh6 Nc4 50. Rxd5 Ne3+ 51. Kd3 Nxd5 52. Kc4 Ne3+ 53. Kxc5 Nf1 54. Rxa6 Kg7 55. Ra7+ Kg6 56. Ra8 Kg7 57. a6 Nxg3 58. a7 f4 59. Rd8 f3 60. a8Q f2 61. Rg8+ Kh7 62. Rxg3 f1Q 63. Qg8+ Kh6 64. Qh8# 1-0